Hamilton Broadway Cast(Original) - Statistics

General Stats
  • This quiz has been taken 706 times
  • The average score is 11 of 14
Answer Stats
Character Actor % Correct
Alexander Hamilton Lin-Manuel Miranda
100%
Marquis de Lafayette Daveed Diggs
90%
Thomas Jefferson Daveed Diggs
90%
Aaron Burr Leslie Odom, Jr.
88%
Eliza Schuyler Hamilton Phillipa Soo
87%
John Laurens Anthony Ramos
81%
Philip Hamilton Anthony Ramos
81%
King George III Jonathan Groff
81%
George Washington Christopher Jackson
74%
Angelica Schuyler Renée Elise Goldsberry
73%
Peggy Schuyler Jasmine Cephas Jones
70%
Maria Reynolds Jasmine Cephas Jones
70%
Hercules Mulligan Okieriete Onaodowan
59%
James Madison Okieriete Onaodowan
59%
No matching quizzes found
Score Distribution
Percent of People with Each Score
Percentile by Number Answered
Your Score History
You have not taken this quiz